000 01030nam a2200301 a 4500
001 40857
003 BD-RjUL
005 20211209053304.0
008 160511s1965 mau 000 0beng
035 _a(BD-RjUL)40972
035 _a(OCoLC)227773
040 _aDLC
_cOYU
_dOCoLC
_dOCU
_dNBrockU
_dDLC
_dBD-RjUL
_beng
041 1 _aeng
_hfre
082 _a320.944
_bVIK 1965
100 2 _aViansson-Ponté, Pierre,
_d1920-
_9125735
245 1 4 _aThe king and his court /
_cViansson-Ponté, Pierre ; Translated by Elaine P. Halperin. With a foreword by Janet Flanner.
260 _aBoston :
_bHoughton Mifflin,
_c1965.
300 _axv, 250 p. ;
_c22 cm.
500 _aTranslation of Les Gaullistes.
600 1 0 _aGaulle, Charles de,
_d1890-1970
_9125736
651 0 _aFrance
_xPolitics and government
_y1958-1969
_xBiography.
_9125737
700 _aHalperin,Elaine P., Translator
_9125738
700 _aFlanner., Janet
_9125739
942 _2ddc
_cBK
999 _c40857
_d40857